| 000 | 00480nam a2200181Ia 4500 | ||
|---|---|---|---|
| 001 | 1875 | ||
| 005 | 20260306143800.0 | ||
| 008 | 260306t2012||||xx |||||||||||||| ||spa|| | ||
| 041 | _aESP | ||
| 082 |
_a158.1 _bA49A |
||
| 100 |
_aÁlvarez de Mon Pan de Soraluce, Santiago _eAUT |
||
| 245 | 0 |
_aNo soy superman: _bluces y sombras de una conversación interior |
|
| 260 | _c2012 | ||
| 300 |
_a207 páginas : _c21 cm. |
||
| 650 | _aGEN | ||
| 654 | _aCPS | ||
| 942 |
_cLIB _dJUS _fJUS _2ddc _n |
||
| 999 |
_c1875 _d1875 |
||